| 000 | 00330 a2200097 4500 | ||
|---|---|---|---|
| 082 | _a625.8 AKR | ||
| 100 | _aTayyab,Dr. Akram | ||
| 245 |
_aDevelopment of Fatigue Performance Model for Flexible Pavement in Pakistan / _cDr.Tayyab Akram |
||
| 260 |
_aRislapur : _cNational Institute of Transportation, _b2004 |
||
| 300 |
_a294p. : _bill. ; _c27cm |
||
| 650 | _aproject | ||
| 999 |
_c2020 _d2020 |
||